Έμφυλες (αν)ισότητες στη διοίκηση της σχολικής μονάδας στην πρωτοβάθμια εκπαίδευση : το παράδειγμα της Λέσβου : διπλωματική εργασία [μεταπτυχιακή]

Saved in:
Bibliographic Details
Main Author: Ποταμούλα, Μαρία
Corporate Author: Πανεπιστήμιο Αιγαίου Σχολή Κοινωνικών Επιστημών Τμήμα Κοινωνιολογίας Μεταπτυχιακό Πρόγραμμα Σπουδών Έρευνα για την Τοπική Κοινωνική Ανάπτυξη και Συνοχή
Other Authors: Τρουμπέτα, Σεβαστή (Thesis advisor)
Format: Thesis Book
Language:Greek
Published: 2014
Subjects:
Online Access:http://hdl.handle.net/11610/11852
Tags: Add Tag
No Tags, Be the first to tag this record!

MARC

LEADER 00000cam a2200000 i 4500
001 1/68299
008 150303s2014 gre d
035 |l 10121328 
040 |a GR-MY-UA  |b gre  |e aacr 
041 0 |a gre 
082 0 |a 370.9495  |2 (22) 
100 1 |a Ποταμούλα, Μαρία. 
245 1 0 |a Έμφυλες (αν)ισότητες στη διοίκηση της σχολικής μονάδας στην πρωτοβάθμια εκπαίδευση :  |b το παράδειγμα της Λέσβου : διπλωματική εργασία [μεταπτυχιακή] /  |c Ποταμούλα Μαρία ; επιβλέπουσα καθηγήτρια: Τρουμπέτα Σεβαστή 
260 |c 2014 
300 |a 355 σ.;  |c 30 εκ. 
500 |a Βιβλιογραφία: σ. 148-155, παράρτημα 
502 |a Διατριβή (μεταπτυχιακή) – Πανεπιστήμιο Αιγαίου, Λέσβος, 2014. 
650 0 0 |a Teachers  |x Attitudes  |x Case studies. 
650 0 0 |a Sex discrimination in employment. 
650 0 0 |a Sex discrimination in education. 
650 0 |a Teachers  |z Greece  |z Lesbos (Municipality)  |x Attitudes. 
650 0 |a Education  |z Greece  |z Lesbos (Municipality)  |x Evaluation. 
650 0 0 |a Dissertations, Academic  |z Greece. 
700 1 |a Τρουμπέτα, Σεβαστή.  |4 ths 
710 2 |a Πανεπιστήμιο Αιγαίου  |b Σχολή Κοινωνικών Επιστημών  |b Τμήμα Κοινωνιολογίας  |b Μεταπτυχιακό Πρόγραμμα Σπουδών Έρευνα για την Τοπική Κοινωνική Ανάπτυξη και Συνοχή. 
852 |a INST  |b LESVOS  |c DIATR  |e 20150303  |h 279  |p 005100056451  |q 005100056451  |t MTXE  |y 23 
852 |a INST  |b LESVOS  |c DIATR  |e 20150303  |h 280  |p 005100056452  |q 005100056452  |t MTXE  |y 23 
856 |u http://hdl.handle.net/11610/11852 
901 |a BIBL1-2015-1 
909 |a Λ  |b 192916 
909 |a Λ  |b 192917 
924 |a ΤΡΟΥΜΠΕΤΑ  |b ΣΕΒΑΣΤΗ  |y ΛΕΣΒΟΣ  |z 2014-09 
970 |a ΤΖΑΦΕΡΗ  |b ΕΥΑΓΓΕΛΙΑ  |z 2015/03/03